Science Quiz

Random Science or Math Quiz

Multiples of 7 Quiz Stats

 Plays Quiz Updated Feb 25, 2014

Support Sporcle.
Go Orange.
Score 0/40 Timer 01:00
2 Plays Today
Multiples of 7 % Correct
7
99.8%
14
98%
21
97.7%
28
97.4%
35
97%
42
96.7%
49
96.5%
56
95.9%
70
95.5%
63
95.2%
77
95%
84
93.2%
91
91.3%
98
90.5%
105
89.1%
112
87.5%
119
86.1%
126
84.2%
140
81.7%
133
81.7%
Multiples of 7 % Correct
147
76.9%
154
73.7%
161
70.5%
168
68.2%
175
65%
182
61.5%
189
58.9%
196
55.6%
210
53.3%
203
51.8%
217
47.1%
224
43.3%
231
40.2%
238
37.9%
245
35.2%
252
32.2%
259
29.8%
280
28.4%
266
26.6%
273
25.2%

From the Vault

Begins and Ends with 'R'

by fuzzynavel44

We think this is a quiz that Edward Nigma would really enjoy.
Remove Ads.
Support Sporcle.
Get the best of Sporcle when you Go Orange. This ad-free experience offers more features, more stats, and more fun while also helping to support Sporcle. Thank you for becoming a member.

Show Comments

Extras

Top Quizzes Today


Score Distribution

Your Account Isn't Verified!

In order to create a playlist on Sporcle, you need to verify the email address you used during registration. Go to your Sporcle Settings to finish the process.

Report this User

Report this user for behavior that violates our Community Guidelines.

Details: